[Event "My 20th Birthday at Schemingmind"]
[Site "SchemingMind.com"]
[Date "2024.02.25"]
[Round "-"]
[White "capablanca"]
[Black "MazetaFighter"]
[Result "0-1"]
[WhiteCountry "GER"]
[BlackCountry "GRE"]
[WhiteElo "1787"]
[WhiteRD "71"]
[BlackElo "2123"]
[BlackRD "80"]
[GameID "742455"]

1. e4 e5 2. Nf3 Nc6 3. Bc4 Bc5 4. O-O Nf6 5. d3 d6 6. h3 h6 7. Nc3 Be6 8. Bb3 O-O 9. Be3 Bxe3 10. fxe3 a6
11. d4 Bxb3 12. axb3 Re8 13. dxe5 Nxe5 14. Nd5 Nxe4 15. Nxe5 Rxe5 16. c4 c6 17. Nf4 Nf6 18. Rf3 Qe7 19. Qd3 Re8 20. Re1 Ne4
21. Qd4 Qh4 22. Nd3 c5
0-1

[Event "My 20th Birthday at Schemingmind"]
[Site "SchemingMind.com"]
[Date "2024.02.25"]
[Round "-"]
[White "MazetaFighter"]
[Black "capablanca"]
[Result "1-0"]
[WhiteCountry "GRE"]
[BlackCountry "GER"]
[WhiteElo "2123"]
[WhiteRD "80"]
[BlackElo "1787"]
[BlackRD "71"]
[GameID "742456"]

1. e4 e5 2. Nf3 Nc6 3. d4 exd4 4. Nxd4 Bc5 5. Be3 Qf6 6. c3 Nge7 7. Bc4 Ne5 8. Be2 d5 9. O-O O-O 10. f4 N5g6
11. e5 Qb6 12. b4 Bxd4 13. Bxd4 Qc6 14. Na3 a6 15. g4 f5 16. exf6 Rxf6 17. Bxf6 Qxf6 18. Qd4 Qxd4+ 19. cxd4 Nc6 20. Nc2 Bd7
21. f5 Nh4 22. Kf2 Re8 23. Bd3 g5 24. fxg6 Nxg6 25. Kg3 Nce5 26. dxe5 Rxe5 27. Rae1
1-0

[Event "My 20th Birthday at Schemingmind"]
[Site "SchemingMind.com"]
[Date "2024.02.24"]
[Round "-"]
[White "Nattybridge"]
[Black "Mitch The Man"]
[Result "1-0"]
[WhiteCountry "ENG"]
[BlackCountry "USA"]
[WhiteElo "2220"]
[WhiteRD "121"]
[BlackElo "1352"]
[BlackRD "74"]
[GameID "742459"]

1. c4 e5 2. Nc3 Bc5 3. e3 c6 4. Nf3 d6 5. d4 exd4 6. exd4 Bb6 7. Bd3 Bg4 8. O-O Nf6 9. Re1+ Be6 10. d5 cxd5
11. cxd5 O-O 12. dxe6 fxe6 13. Rxe6 h6 14. Rxd6 Nbd7 15. Bf5 Qe7 16. Bxd7 Kh8 17. Bf4 Nxd7 18. Rxd7 Bxf2+ 19. Kxf2 Qc5+ 20. Be3 Qc8
21. Bxh6
1-0

[Event "My 20th Birthday at Schemingmind"]
[Site "SchemingMind.com"]
[Date "2024.02.24"]
[Round "-"]
[White "Mitch The Man"]
[Black "Nattybridge"]
[Result "0-1"]
[WhiteCountry "USA"]
[BlackCountry "ENG"]
[WhiteElo "1352"]
[WhiteRD "74"]
[BlackElo "2220"]
[BlackRD "121"]
[GameID "742460"]

1. d4 d5 2. e3 Nf6 3. Be2 Bf5 4. Bf3 e6 5. Ne2 Nc6 6. O-O Bd6 7. a3 O-O 8. Nec3 a6 9. Ne2 Re8 10. Nbc3 Ne4
11. Bxe4 dxe4 12. Ng3 Qh4 13. Qe1 Bg6 14. Nb1 f5 15. Nd2 f4 16. exf4 Nxd4 17. Qd1 Bxf4 18. c3 Nc6 19. b4 e3 20. Nf3 Qh6
21. Bxe3 Bxe3 22. fxe3 Qxe3+ 23. Rf2 Qxc3 24. Nh4 Rad8 25. Qc1 Qxc1+ 26. Rxc1 Bf7 27. h3 Re7 28. Kh2 Red7 29. Rff1 e5 30. Rfe1 Rd3
31. Ra1 Re8 32. Nhf5 Nd4 33. Nxd4 exd4 34. Rxe8+ Bxe8 35. Ne4 b6 36. Ng5 Bd7 37. Nf3 Bf5 38. Ne5 Rc3 39. Ng4 Bxg4 40. hxg4 c5
41. bxc5 bxc5 42. a4 d3 43. Rb1 d2 44. Rb8+ Kf7 45. Rd8 Rc2 46. a5 c4 47. Rd4 c3 48. Rd3 Rc1
0-1

[Event "My 20th Birthday at Schemingmind"]
[Site "SchemingMind.com"]
[Date "2024.02.24"]
[Round "-"]
[White "Andrew Burruss"]
[Black "Wojtek26"]
[Result "0-1"]
[WhiteCountry "USA"]
[BlackCountry "POL"]
[WhiteElo "1411"]
[WhiteRD "101"]
[BlackElo "1593"]
[BlackRD "75"]
[GameID "742558"]

1. e4 e5 2. Nf3 Nc6 3. Bc4 h6 4. d3 d6 5. h3 Nf6 6. O-O Be7 7. Be3 Na5 8. b3 Nxc4 9. bxc4 b6 10. Nc3 Bb7
11. d4 exd4 12. Nxd4 Nxe4 13. Nxe4 Bxe4 14. f3 Bb7 15. Nf5 O-O 16. Nxh6+ gxh6 17. Bxh6 Re8 18. Qd4 Bf6 19. Qg4+ Kh7 20. Qh5 Re5
21. Bg5+ Kg8 22. Bxf6 Rxh5 23. Bxd8 Rxd8 24. Rae1 Re5 25. Rxe5 dxe5 26. g4 Rd2 27. Rf2 Rxf2 28. Kxf2 Ba6 29. c5 bxc5 30. Ke3 Kg7
31. Ke4 f6 32. Kd5 c4 33. Kc6 Kg6 34. h4 f5 35. gxf5+ Kxf5 36. h5 c3 37. h6 Kg6 38. h7 Kxh7 39. Kd5 Bd3 40. Kxe5 Bxc2
41. Kd4 Bb3 42. Kxc3 Bxa2 43. Kd4 Bb1 44. Ke5 Kg7 45. Ke6 Kf8 46. Kd7 a5
0-1

[Event "My 20th Birthday at Schemingmind"]
[Site "SchemingMind.com"]
[Date "2024.02.23"]
[Round "-"]
[White "Wojtek26"]
[Black "Andrew Burruss"]
[Result "1-0"]
[WhiteCountry "POL"]
[BlackCountry "USA"]
[WhiteElo "1593"]
[WhiteRD "75"]
[BlackElo "1411"]
[BlackRD "101"]
[GameID "742559"]

1. d4 d5 2. e3 Bf5 3. Nf3 Nf6 4. c4 e6 5. a3 c5 6. Nbd2 Bd6 7. dxc5 Bxc5 8. b4 Be7 9. Bb2 O-O 10. Nd4 Bg4
11. Be2 Bh5 12. Bxh5 Nxh5 13. Qxh5 g6 14. Qh3 Qd7 15. c5 b6 16. cxb6 axb6 17. N4f3 f6 18. O-O Nc6 19. Rac1 Rac8 20. Nd4 Ne5
21. e4 Nc6 22. Qxe6+ Qxe6 23. Nxe6 Rfe8 24. exd5 Na7 25. Rxc8 Rxc8 26. Rc1 Rxc1+ 27. Bxc1 Nb5 28. a4 Nc3 29. a5 bxa5 30. bxa5 Nxd5
31. Ne4 Kf7 32. N6c5 Bd8 33. a6 Bb6 34. Na4 Ba7 35. Nd6+ Ke6 36. Nb5 Bb8 37. a7 Bxa7 38. Nxa7 h5 39. Nb5 Ke5 40. Nac3 Nb4
41. Bb2 Nd3 42. Ba1 f5 43. Ne2+ Ke4 44. Nbc3+ Ke5 45. Ng3 Kf4 46. Nd5+ Kg5 47. Bg7 Nf4 48. Nxf4 Kxf4 49. Bh6+ Ke5 50. f4+ Kf6
51. Kf2 Kf7 52. Bg5 Kg7 53. Ke3 Kf7 54. Kd4 Ke6 55. Kc5 Kf7 56. Kd6
1-0

[Event "My 20th Birthday at Schemingmind"]
[Site "SchemingMind.com"]
[Date "2024.02.28"]
[Round "-"]
[White "Geoffrey Rosser"]
[Black "wight knight"]
[Result "1-0"]
[WhiteCountry "ENG"]
[BlackCountry "ENG"]
[WhiteElo "1879"]
[WhiteRD "64"]
[BlackElo "1197"]
[BlackRD "64"]
[GameID "742697"]

1. e4 e5 2. Nf3 f6 3. Bc4 Bc5 4. O-O h5 5. d4 exd4 6. Nxd4 Bxd4 7. Qxd4 Nc6 8. Qd5 Nh6 9. Bxh6 Rf8 10. Bxg7 Ne7
11. Qxh5+ Ng6 12. Bxf8 Kxf8 13. Qxg6 Qe7 14. Qg8#
1-0

[Event "My 20th Birthday at Schemingmind"]
[Site "SchemingMind.com"]
[Date "2024.02.27"]
[Round "-"]
[White "wight knight"]
[Black "Geoffrey Rosser"]
[Result "1/2-1/2"]
[WhiteCountry "ENG"]
[BlackCountry "ENG"]
[WhiteElo "1197"]
[WhiteRD "64"]
[BlackElo "1879"]
[BlackRD "64"]
[GameID "742698"]

1. e4 e5 2. Bc4 Nf6 3. f3 Bc5 4. d3 d5 5. exd5 Nxd5 6. Bxd5 Qxd5 7. c4 Qd4 8. Ne2 Bf5 9. Nxd4 Bxd4 10. g4 Bg6
11. h4 h6 12. h5 Bh7 13. Bd2 Nd7 14. Bc3 Be3 15. Bd2 Bd4 16. Bc3 Be3 17. Bd2 Bd4 18. Bc3
1/2-1/2

[Event "My 20th Birthday at Schemingmind"]
[Site "SchemingMind.com"]
[Date "2024.03.07"]
[Round "-"]
[White "JPT"]
[Black "Abstract Actuary"]
[Result "1-0"]
[WhiteCountry "INT"]
[BlackCountry "USA"]
[WhiteElo "1810"]
[WhiteRD "97"]
[BlackElo "1891"]
[BlackRD "87"]
[GameID "742926"]

1. e4 e6 2. d4 d5 3. exd5 exd5 4. Be2 Bd6 5. Nf3 Ne7 6. Bg5 f6 7. Bd2 Bf5 8. O-O a6 9. c4 c6 10. Nc3 Nd7
11. cxd5 Nxd5 12. Bc4 Ne7 13. Nh4 Qc7 14. g3 O-O-O 15. Nxf5 Nxf5 16. d5 c5 17. Be3 Rde8 18. Re1 Ne5 19. Bd3 Nxe3 20. Rxe3 c4
21. Bf1 b5 22. Ne4 Bb4 23. a3 Ba5 24. d6 Qc6 25. d7+ Qxd7 26. Nd6+ Kc7 27. Nxe8+ Rxe8 28. Qe2 Rd8 29. Rxe5 fxe5 30. Qxe5+ Kc8
31. Bg2 g6 32. Qe4 Qa7 33. Qc6+ Bc7 34. Re1 Qb6 35. Qa8+ Bb8 36. Bh3+ Kc7 37. Re7+ Kd6 38. Re6+
1-0

[Event "My 20th Birthday at Schemingmind"]
[Site "SchemingMind.com"]
[Date "2024.03.07"]
[Round "-"]
[White "Abstract Actuary"]
[Black "JPT"]
[Result "1-0"]
[WhiteCountry "USA"]
[BlackCountry "INT"]
[WhiteElo "1891"]
[WhiteRD "87"]
[BlackElo "1810"]
[BlackRD "97"]
[GameID "742927"]

1. e4 e5 2. Nf3 Nc6 3. c3 d6 4. d4 exd4 5. cxd4 Bg4 6. Be2 d5 7. e5 Nge7 8. h3 Be6 9. O-O g6 10. Bg5 Bg7
11. Bb5 O-O 12. Bxc6 bxc6 13. Qa4 f6 14. exf6 Bxf6 15. Nbd2 Bxg5 16. Nxg5 Bd7 17. Qa3 Nf5 18. Ngf3 Nd6 19. Ne5 Nf7 20. Ndf3 Nxe5
21. Nxe5 Be8 22. Rac1 Qf6 23. Qc5 a5 24. Nxc6 Bxc6 25. Qxc6 Qxd4 26. Rc2 Qe4 27. Rfc1 Qd3 28. Qe6+ Kg7 29. Rxc7+ Kh6 30. Qe7 Qd2
31. Qh4#
1-0

[Event "My 20th Birthday at Schemingmind"]
[Site "SchemingMind.com"]
[Date "2024.03.22"]
[Round "-"]
[White "Will Grummitt"]
[Black "emakis"]
[Result "0-1"]
[WhiteCountry "ENG"]
[BlackCountry "GRE"]
[WhiteElo "1985"]
[WhiteRD "114"]
[BlackElo "1888"]
[BlackRD "135"]
[GameID "743297"]

1. d4 d5 2. Nf3 Nf6 3. Bf4 c5 4. c3 Nc6 5. e3 Qb6 6. Qb3 c4 7. Qxb6 axb6 8. Nbd2 b5 9. Be2 Bf5 10. O-O b4
11. h3 h6 12. Ne5 bxc3 13. bxc3 Ra3 14. Rfc1 e6 15. g4 Bh7 16. f3 Nxe5 17. Bxe5 Kd7 18. Kf2 Bd6 19. Bxf6 gxf6 20. e4 Bf4
21. Nb1 Bxc1 22. Nxa3 Bxa3 23. Ke3 Ra8 24. Bd1 Bb2 25. Rb1 Rxa2 26. Ba4+ Rxa4 27. Rxb2 Kc6 28. exd5+ exd5 29. f4 Be4 30. h4 Ra1
31. g5 Rh1 32. gxh6 Rh3+
0-1

[Event "My 20th Birthday at Schemingmind"]
[Site "SchemingMind.com"]
[Date "2024.03.22"]
[Round "-"]
[White "emakis"]
[Black "Will Grummitt"]
[Result "1-0"]
[WhiteCountry "GRE"]
[BlackCountry "ENG"]
[WhiteElo "1958"]
[WhiteRD "124"]
[BlackElo "1932"]
[BlackRD "102"]
[GameID "743298"]

1. d4 e6 2. c4 d5 3. cxd5 exd5 4. Nc3 Nf6 5. Bg5 Be7 6. e3 c6 7. Bd3 Nbd7 8. Qc2 h6 9. Bh4 O-O 10. Nge2 Re8
11. O-O Qb6 12. f3 Nf8 13. Rae1 Be6 14. g4 Qd8 15. Nf4 Bd7 16. Bg3 Ne6 17. h3 Nxf4 18. Bxf4 Bb4 19. a3 Ba5 20. Qh2 Rc8
21. b4 Bc7 22. h4 Bxf4 23. Qxf4 Qc7 24. Qxc7 Rxc7 25. Kf2 Bc8 26. Rc1 Rce7 27. Rfe1 a6 28. a4 Bd7 29. b5 axb5 30. axb5 Bxg4
31. fxg4 Nxg4+ 32. Kf3 Rxe3+ 33. Rxe3 Rxe3+ 34. Kxg4 Rxd3 35. Ne2 Rd2 36. bxc6 bxc6 37. Kf3 Rd3+ 38. Kf4 Rd2 39. Ke3 Ra2 40. Rxc6 Ra3+
41. Rc3 Ra5 42. Nf4 g5 43. hxg5 hxg5 44. Nd3 Kf8 45. Rc5 Rxc5 46. dxc5 Ke7 47. Kd4 Ke6 48. Nb4 f5 49. Nxd5 g4 50. Nf4+ Kd7
51. Kd5 g3 52. c6+ Kc7 53. Kc5 Kc8 54. Kd6 Kd8 55. c7+ Kc8 56. Kc6 g2 57. Nd5 g1=Q 58. Ne7#
1-0

[Event "My 20th Birthday at Schemingmind"]
[Site "SchemingMind.com"]
[Date "2024.04.05"]
[Round "-"]
[White "Michael Christensen"]
[Black "Marc Wakeham"]
[Result "0-1"]
[WhiteCountry "GER"]
[BlackCountry "WLS"]
[WhiteElo "1720"]
[WhiteRD "94"]
[BlackElo "2445"]
[BlackRD "90"]
[GameID "743648"]

1. d4 Nf6 2. Bf4 e6 3. e3 d5 4. Nf3 c5 5. c3 Bd6 6. Bg3 O-O 7. Bd3 Qc7 8. Nbd2 Nbd7 9. Qc2 b6 10. O-O-O c4
11. Be2 b5 12. Bxd6 Qxd6 13. h4 Ba6 14. Nf1 b4 15. cxb4 Bb5 16. a3 a5 17. bxa5 Rxa5 18. h5 Rc8 19. Qc3 Qa6 20. h6 Ne4
21. Qe1 Rxa3
0-1

[Event "My 20th Birthday at Schemingmind"]
[Site "SchemingMind.com"]
[Date "2024.04.06"]
[Round "-"]
[White "Marc Wakeham"]
[Black "Michael Christensen"]
[Result "1-0"]
[WhiteCountry "WLS"]
[BlackCountry "GER"]
[WhiteElo "2445"]
[WhiteRD "90"]
[BlackElo "1720"]
[BlackRD "94"]
[GameID "743649"]

1. e4 g6 2. d4 Bg7 3. Nc3 d6 4. Be3 a6 5. h4 h6 6. Qd2 b5 7. O-O-O Bb7 8. Bd3 Nd7 9. Nf3 e6 10. d5 exd5
11. exd5 Qf6 12. Bd4 Ne5 13. Nxe5 dxe5 14. Bxe5 Qxe5 15. Rhe1 O-O-O 16. Rxe5 Bxe5 17. Re1 Bg7 18. a4 b4 19. Ne4 a5 20. Qe3 Bxd5
21. Qa7 Nf6 22. Ba6+ Kd7 23. Bb5+
1-0

[Event "My 20th Birthday at Schemingmind"]
[Site "SchemingMind.com"]
[Date "2024.04.26"]
[Round "-"]
[White "spoke"]
[Black "Clive Everill"]
[Result "1-0"]
[WhiteCountry "GER"]
[BlackCountry "CZE"]
[WhiteElo "1816"]
[WhiteRD "73"]
[BlackElo "1709"]
[BlackRD "57"]
[GameID "744070"]

1. e4 c5 2. Nf3 e6 3. d4 cxd4 4. Nxd4 Nc6 5. Nc3 Qc7 6. Be2 Nf6 7. O-O Bb4 8. a3 Bc5 9. Be3 Nxd4 10. Bxd4 Bxd4
11. Qxd4 O-O 12. Rad1 a6 13. e5 Ne8 14. Bd3 g6 15. Ne4 b5 16. Nd6 Nxd6 17. exd6 Qb8 18. Be4 Bb7 19. c3 f5 20. Bxb7 Qxb7
21. Qe5 Rac8 22. Rd3 Rc4 23. f3 Qa7+ 24. Qe3 Qa8 25. Rd4 Rfc8 26. Rxc4 Rxc4 27. Rd1 Kg7 28. Rd4 Rxd4 29. Qxd4+ Kf7 30. Qh4 Kg7
31. Qe7+ Kh6 32. Qxd7 Qd5 33. h4 Qc5+ 34. Kh2 Qe5+ 35. Kh3 f4 36. Qe7 Qe1 37. Qg5+ Kg7 38. Qxf4 Qh1+ 39. Kg3 Qe1+ 40. Kh2 Qd1
41. Qd4+ Qxd4 42. cxd4 Kf7 43. Kg3 Ke8 44. Kf4 Kd7 45. Ke5 a5 46. b4
1-0

[Event "My 20th Birthday at Schemingmind"]
[Site "SchemingMind.com"]
[Date "2024.04.26"]
[Round "-"]
[White "Clive Everill"]
[Black "spoke"]
[Result "1-0"]
[WhiteCountry "CZE"]
[BlackCountry "GER"]
[WhiteElo "1709"]
[WhiteRD "57"]
[BlackElo "1816"]
[BlackRD "73"]
[GameID "744071"]

1. e4 e6 2. d4 d5 3. e5 c5 4. c3 Nc6 5. Nf3 Bd7 6. Be2 Nge7 7. Na3 cxd4 8. cxd4 Nf5 9. Nc2 Qb6 10. h4 h5
11. O-O Be7 12. g3 Rc8 13. Rb1 Nb4 14. Nxb4 Bxb4 15. Be3 g6 16. a3 Be7 17. Qd2 Nxe3 18. fxe3 Bb5 19. Ne1 Bxe2 20. Qxe2 O-O
21. Ng2 Rc4 22. Qf3 Qc7 23. Nf4 Qd8 24. Rf2 Kh7 25. Rbf1 Rc6 26. Nxh5 Bxh4 27. Rh2
1-0

[Event "My 20th Birthday at Schemingmind"]
[Site "SchemingMind.com"]
[Date "2024.05.22"]
[Round "-"]
[White "Nattybridge"]
[Black "Clive Everill"]
[Result "1-0"]
[WhiteCountry "ENG"]
[BlackCountry "CZE"]
[WhiteElo "2216"]
[WhiteRD "120"]
[BlackElo "1681"]
[BlackRD "58"]
[GameID "744638"]

1. c4 e5 2. Nc3 Nf6 3. g3 Bb4 4. e4 Bxc3 5. dxc3 d6 6. f3 O-O 7. Nh3 a5 8. Nf2 Nfd7 9. Be3 Na6 10. Qc2 Ndc5
11. Bg2 Be6 12. b3 b6 13. O-O Rb8 14. h3 b5 15. cxb5 Rxb5 16. Rad1 Qe7 17. Qd2 f5 18. exf5 Bxf5 19. Rfe1 Rbb8 20. f4 e4
21. c4 Rfe8 22. g4 Bd7 23. Qxa5 Bc6 24. Qd2 Rbd8 25. b4 Ba4 26. Rb1 Nd3 27. Nxd3 exd3 28. Qxd3 Bd7 29. b5 Nb8 30. a4 Bc8
31. Bd5+ Kh8 32. Qc3 Qh4 33. Bd4 Rxe1+ 34. Rxe1 Qh6 35. Re7 Rg8 36. Bxg7+
1-0

[Event "My 20th Birthday at Schemingmind"]
[Site "SchemingMind.com"]
[Date "2024.05.21"]
[Round "-"]
[White "Clive Everill"]
[Black "Nattybridge"]
[Result "0-1"]
[WhiteCountry "CZE"]
[BlackCountry "ENG"]
[WhiteElo "1681"]
[WhiteRD "58"]
[BlackElo "2216"]
[BlackRD "120"]
[GameID "744639"]

1. Nf3 d5 2. d4 Nf6 3. e3 Bf5 4. c4 c6 5. Nc3 a6 6. Ne5 Nbd7 7. Qb3 Qc7 8. cxd5 Nxe5 9. dxe5 Nxd5 10. Nxd5 cxd5
11. Bd2 e6 12. Rc1 Qd7 13. Be2 Be7 14. Ba5 Rc8 15. Rxc8+ Qxc8 16. Kd2 O-O 17. Rc1 Qa8 18. Rc7 Bd8 19. Rc5 Bxa5+ 20. Rxa5 Rc8
21. Bd3 Bxd3 22. Qxd3 b5 23. Ra3 d4 24. e4 h6 25. f3 Qb8 26. f4 Qc7 27. Qb1 f6 28. Rxa6 fxe5 29. fxe5 Qxe5 30. g3 Qg5+
31. Kd1 Qe3
0-1

[Event "My 20th Birthday at Schemingmind"]
[Site "SchemingMind.com"]
[Date "2024.05.21"]
[Round "-"]
[White "Wojtek26"]
[Black "JPT"]
[Result "1-0"]
[WhiteCountry "POL"]
[BlackCountry "INT"]
[WhiteElo "1613"]
[WhiteRD "67"]
[BlackElo "1715"]
[BlackRD "99"]
[GameID "744644"]

1. d4 d5 2. e3 Nf6 3. c4 e6 4. Nf3 Be7 5. Be2 O-O 6. O-O c5 7. a3 b6 8. dxc5 Bxc5 9. b4 Be7 10. Bb2 Bb7
11. Nc3 Qc7 12. cxd5 Nxd5 13. Nxd5 Bxd5 14. Rc1 Qb7 15. Bd3 Rd8 16. Qc2 h6 17. Ne5 Bxg2 18. Bh7+ Kf8 19. Nxf7 Bxf1 20. Rxf1 Ke8
21. Bxg7 Qf3 22. Ne5
1-0

[Event "My 20th Birthday at Schemingmind"]
[Site "SchemingMind.com"]
[Date "2024.05.21"]
[Round "-"]
[White "JPT"]
[Black "Wojtek26"]
[Result "0-1"]
[WhiteCountry "INT"]
[BlackCountry "POL"]
[WhiteElo "1715"]
[WhiteRD "99"]
[BlackElo "1613"]
[BlackRD "67"]
[GameID "744645"]

1. e4 e6 2. d4 d5 3. e5 c5 4. c3 Nc6 5. Bb5 Bd7 6. Ba4 a6 7. Nf3 b5 8. Bc2 cxd4 9. cxd4 Bb4+ 10. Nc3 Bxc3+
11. bxc3 Nge7 12. O-O Ng6 13. Bg5 Qc7 14. h4 h6 15. Bc1 b4 16. cxb4 Nxb4 17. Bxg6 fxg6 18. Ba3 a5 19. Bxb4 axb4 20. Qd3 Kf7
21. h5 gxh5 22. Nh4 Rhc8 23. Rae1 Qc2 24. Qf3+ Kg8 25. Re2 Qc6 26. Ng6 Re8 27. Qxh5 Qc4 28. Qg4 Rxa2 29. Re3 Bb5 30. Rfe1 b3
31. Rh3 b2 32. Nf4 Ra1 33. Rxh6 Rxe1+ 34. Kh2 b1=Q 35. Nxe6 Rh1+ 36. Kg3 Qc3+ 37. f3 Qbe1+ 38. Kf4 Qce3+ 39. Kf5 Bd3+ 40. Qe4 Bxe4+
41. fxe4 Rxh6
0-1

[Event "My 20th Birthday at Schemingmind"]
[Site "SchemingMind.com"]
[Date "2024.06.13"]
[Round "-"]
[White "Geoffrey Rosser"]
[Black "Marc Wakeham"]
[Result "0-1"]
[WhiteCountry "ENG"]
[BlackCountry "WLS"]
[WhiteElo "1894"]
[WhiteRD "63"]
[BlackElo "2463"]
[BlackRD "88"]
[GameID "745373"]

1. e4 c5 2. Nf3 d6 3. d4 cxd4 4. Nxd4 Nf6 5. Bb5+ Bd7 6. Bxd7+ Nbxd7 7. Nc3 g6 8. O-O Bg7 9. Re1 O-O 10. Nd5 Nxd5
11. exd5 Nb6 12. Nb5 Rc8 13. Nxa7 Rc5 14. Qe2 Rxd5 15. Nb5 Qd7 16. Na3 Ra8 17. c3 Rxa3 18. bxa3 Bxc3 19. Be3 Bxa1 20. Rxa1 Qb5
21. Bxb6 Qxe2
0-1

[Event "My 20th Birthday at Schemingmind"]
[Site "SchemingMind.com"]
[Date "2024.06.14"]
[Round "-"]
[White "Marc Wakeham"]
[Black "Geoffrey Rosser"]
[Result "1-0"]
[WhiteCountry "WLS"]
[BlackCountry "ENG"]
[WhiteElo "2463"]
[WhiteRD "88"]
[BlackElo "1894"]
[BlackRD "63"]
[GameID "745374"]

1. e4 e5 2. Nf3 Nc6 3. Bc4 Nf6 4. Ng5 d5 5. exd5 Na5 6. Bb5+ c6 7. dxc6 bxc6 8. Bd3 Nd5 9. Nf3 Bd6 10. O-O O-O
11. Re1 Nf4 12. Bf1 Re8 13. d4 e4 14. Ne5 Ng6 15. Nxg6 hxg6 16. c4 f5 17. c5 Bc7 18. b4 Nb7 19. Bc4+ Be6 20. Bxe6+ Rxe6
21. Nc3 Kh7 22. Qb3 Re8 23. Re3 g5 24. Qf7 g4 25. Qxf5+ Kg8 26. Qxg4 Qxd4 27. Rb1 Qe5 28. g3 Rad8 29. Rxe4 Qxc3 30. Rxe8+ Rxe8
31. Bb2 Re1+ 32. Kg2
1-0

[Event "My 20th Birthday at Schemingmind"]
[Site "SchemingMind.com"]
[Date "2024.07.17"]
[Round "-"]
[White "Wojtek26"]
[Black "Marc Wakeham"]
[Result "0-1"]
[WhiteCountry "POL"]
[BlackCountry "WLS"]
[WhiteElo "1734"]
[WhiteRD "65"]
[BlackElo "2458"]
[BlackRD "88"]
[GameID "745927"]

1. d4 Nf6 2. e3 e6 3. Nf3 b6 4. c4 Bb7 5. Nbd2 c5 6. a3 cxd4 7. Nxd4 g6 8. N2f3 Bg7 9. Be2 d5 10. O-O O-O
11. Rb1 dxc4 12. Bxc4 Ne4 13. Nb5 Nd7 14. Nd6 Nxd6 15. Bb3 Ne4 16. Nd2 Rc8 17. Qf3 Nxd2
0-1

[Event "My 20th Birthday at Schemingmind"]
[Site "SchemingMind.com"]
[Date "2024.07.16"]
[Round "-"]
[White "Marc Wakeham"]
[Black "Wojtek26"]
[Result "1-0"]
[WhiteCountry "WLS"]
[BlackCountry "POL"]
[WhiteElo "2458"]
[WhiteRD "88"]
[BlackElo "1734"]
[BlackRD "65"]
[GameID "745928"]

1. e4 e6 2. d4 d5 3. Nc3 dxe4 4. Nxe4 Nf6 5. Nxf6+ Qxf6 6. Nf3 Bd6 7. Bg5 Qf5 8. Bd3 Qa5+ 9. Bd2 Qb6 10. O-O O-O
11. c4 c5 12. Qc2 g6 13. b4 Be7 14. dxc5 Qc7 15. Bc3 f6 16. Bxg6 f5 17. Be5 Qc6 18. Qd2 hxg6 19. Qh6 Kf7 20. Qg7+ Ke8
21. Qxg6+ Kd8 22. Rad1+ Bd7 23. Nd4
1-0

[Event "My 20th Birthday at Schemingmind"]
[Site "SchemingMind.com"]
[Date "2024.08.02"]
[Round "-"]
[White "MazetaFighter"]
[Black "emakis"]
[Result "1-0"]
[WhiteCountry "GRE"]
[BlackCountry "GRE"]
[WhiteElo "2101"]
[WhiteRD "78"]
[BlackElo "1949"]
[BlackRD "117"]
[GameID "746344"]

1. e4 c5 2. Nf3 Nc6 3. d4 cxd4 4. Nxd4 e5 5. Nb5 d6 6. c4 Be6 7. Bd3 Be7 8. O-O Rc8 9. N1c3 a6 10. Na3 Bg5
11. Nc2 Bxc1 12. Rxc1 Nf6 13. Qd2 O-O 14. Rfd1 Qb6 15. b3 Ne7 16. a3 Ng6 17. h3 Qa7 18. Ne3 b5 19. Ncd5 bxc4 20. Nxf6+ gxf6
21. Bxc4 Rfd8 22. Bxe6
1-0

[Event "My 20th Birthday at Schemingmind"]
[Site "SchemingMind.com"]
[Date "2024.08.02"]
[Round "-"]
[White "emakis"]
[Black "MazetaFighter"]
[Result "1/2-1/2"]
[WhiteCountry "GRE"]
[BlackCountry "GRE"]
[WhiteElo "1949"]
[WhiteRD "117"]
[BlackElo "2101"]
[BlackRD "78"]
[GameID "746345"]

1. d4 f5 2. Nf3 Nf6 3. g3 g6 4. Bg2 Bg7 5. O-O O-O 6. c4 d6 7. Nc3 c6 8. d5 e5 9. dxe6 Bxe6 10. b3 Na6
11. Bb2 Qe7 12. Ng5 Bd7 13. Qd2 h6 14. Nh3 Be6 15. Rad1 Rad8 16. Ba3 Nc5 17. Nf4 Bf7 18. Qc2 Rfe8 19. Rfe1 Qe5 20. Nd3 Nxd3=
1/2-1/2

[Event "My 20th Birthday at Schemingmind"]
[Site "SchemingMind.com"]
[Date "2024.10.01"]
[Round "-"]
[White "Nattybridge"]
[Black "MazetaFighter"]
[Result "1/2-1/2"]
[WhiteCountry "ENG"]
[BlackCountry "GRE"]
[WhiteElo "2278"]
[WhiteRD "126"]
[BlackElo "2094"]
[BlackRD "82"]
[GameID "747672"]

1. c4 Nf6 2. Nc3 e6 3. e4 d5 4. e5 d4 5. exf6 dxc3 6. bxc3 Qxf6 7. d4 e5 8. Nf3 Nc6 9. Be2 exd4 10. Bg5 Qg6
11. O-O dxc3 12. Re1 Qd6 13. Qc2 Be6 14. Rab1 Be7 15. Bxe7 Qxe7 16. Qxc3 O-O 17. Rxb7 Rab8 18. Rxb8 Rxb8 19. Bd3 Qb4=
1/2-1/2

[Event "My 20th Birthday at Schemingmind"]
[Site "SchemingMind.com"]
[Date "2024.10.01"]
[Round "-"]
[White "MazetaFighter"]
[Black "Nattybridge"]
[Result "*"]
[WhiteCountry "GRE"]
[BlackCountry "ENG"]
[WhiteElo "2094"]
[WhiteRD "82"]
[BlackElo "2278"]
[BlackRD "126"]
[GameID "747673"]

1. e4 c6 2. d4 d5 3. Nc3 dxe4 4. Nxe4 Bf5 5. Ng3 Bg6 6. Nf3 Nd7 7. h4 h6 8. h5 Bh7 9. Bd3 Bxd3 10. Qxd3 e6
11. Bd2 Ngf6 12. O-O-O Be7 13. Kb1 O-O 14. Ne4 c5 15. g4 Nxg4 16. Qe2 Qb6 17. Ne5 Ndxe5 18. dxe5 f5 19. exf6 Nxf6 20. Rdg1 Nxe4
21. Qxe4 Bf6 22. b3 c4 23. Bxh6
*